| 000 | 00709nam a22002057a 4500 | ||
|---|---|---|---|
| 999 |
_c6030 _d6030 |
||
| 003 | AR-CdUCM | ||
| 008 | 190313b ||||| |||| 00| 0 spa d | ||
| 040 |
_aMUNICIPALIDAD PROVINCIAL DEL CUSCO _cBIBLIOTECA MUNICIPAL DEL CUSCO |
||
| 082 |
_a869.56 / _bA24 |
||
| 100 |
_aAdolph, José B _917611 |
||
| 245 | _aMañana fuimos felices / | ||
| 260 |
_aLima : _bInstituto Nacional de Cultura, _c1975. |
||
| 300 |
_a151 paginas ; _c18 cm. |
||
| 505 | _aContenido :Una viñeta peruana --Hablando de cocodrilos -- Violines suaves -- El puente -- La casa ... | ||
| 650 |
_aCuentos peruanos _97 |
||
| 650 |
_aLiteratura peruana _9169 |
||
| 650 |
_aCuentos del siglo xx _917612 |
||
| 942 |
_2ddc _cLIBROS |
||
| 945 | _arum | ||